| 000 | 00593nam a2200229 u 4500 | ||
|---|---|---|---|
| 999 |
_c63268 _d63268 |
||
| 001 | 63268 | ||
| 003 | Mx-PuUPA | ||
| 005 | 20190704132030.0 | ||
| 008 | 150717s2009 xx r 000 0 spa d | ||
| 020 | _a968-23-2375-4 | ||
| 040 | _cMx-PuUPA | ||
| 082 |
_a860 _bGON |
||
| 245 | 1 | 0 |
_aObra completa : _bVersos y prosa. |
| 250 | _aPriemera edición | ||
| 264 |
_aMéxico : _bSiglo Veintiuno _c1987 |
||
| 300 |
_a380 páginas ; _c21 cm. |
||
| 336 |
_atexto _2rdacontent |
||
| 337 |
_asin mediación _2rdamedia |
||
| 338 |
_avolumen _2rdacarrier |
||
| 490 | 0 | _aLos once ríos | |
| 942 |
_2ddc _cLI |
||